| 000 | 00478nam a2200169 i 4500 | ||
|---|---|---|---|
| 001 | 24472 | ||
| 003 | ES-MaACL | ||
| 005 | 20230906153044.0 | ||
| 007 | t| | ||
| 008 | 021217s1960 sp ||||1| spa d | ||
| 100 | 1 |
_aAndresco, Victor. _9181483 |
|
| 245 | 1 | 3 |
_aEl ruso esencial _b: para estudiantes de habla española / _cVíctor Andresco. |
| 260 |
_aMadrid : _bAlhambra, _c[1960] |
||
| 300 |
_a156 p. ; _c22 cm. |
||
| 852 |
_aES-MaACL _jC-17733 _bR.46051 |
||
| 999 |
_c24472 _d24472 |
||